Bath and North East Somerset District Council v Mowlem plc (Record no. 74467)

MARC details
000 -LEADER
fixed length control field 01662cab a2200229 4500
001 - CONTROL NUMBER
control field ABS67985
008 - FIXED-LENGTH DATA ELEMENTS--GENERAL INFORMATION
fixed length control field 040716n2004 000 0 eng u
035 ## - SYSTEM CONTROL NUMBER
System control number (Sirsi) u126814
245 ## - TITLE STATEMENT
Title Bath and North East Somerset District Council v Mowlem plc
260 ## - PUBLICATION, DISTRIBUTION, ETC.
Date of publication, distribution, etc. 2004
490 ## - SERIES STATEMENT
Series statement Building Law Reports
Volume/sequential designation [2004] BLR 153-162(10)
520 ## - SUMMARY, ETC.
Summary, etc. [2004] EWCA Civ 722, 20 February 2004. Bath (B) had contracted Mowlem (M) to carry out restoration works to its spa buildings. Completion was delayed and paintwork had caused problems. B instructed M to remove the paint, and when M refused, B gave notice to M that it would instruct another firm to do so and charge M. This firm was denied entry to the site by M. B sought an interim injunction aginst M. M argued that the liquidated damages provided what the parties had accepted as an adequate remedy. B asserted they would not be adequately compensated. This was granted. M appealed. "Held": the appeal was dismissed as the granting of an injunction would cause M no disadvantage; the judge's decision to grant the interlocutory injunction was upheld. View judgment at www.nadr.co.uk.
590 ## - LOCAL NOTE (RLIN)
Local note ABS
650 ## - SUBJECT ADDED ENTRY--TOPICAL TERM
Topical term or geographic name entry element LIQUIDATED DAMAGES
650 ## - SUBJECT ADDED ENTRY--TOPICAL TERM
Topical term or geographic name entry element ASCERTAINED DAMAGES
650 ## - SUBJECT ADDED ENTRY--TOPICAL TERM
Topical term or geographic name entry element BUILT ENVIRONMENT-BUILDING CONTRACT FORMS-STANDARD FORMS OF BUILDING CONTRACT-JOINT CONTRACTS TRIBNUAL CONTRACTS
650 ## - SUBJECT ADDED ENTRY--TOPICAL TERM
Topical term or geographic name entry element INTERLOCUTORY INJUNCTIONS
650 ## - SUBJECT ADDED ENTRY--TOPICAL TERM
Topical term or geographic name entry element BATH AND NORTH EAST SOMERSET DC V MOWLEM PLC
690 ## - LOCAL SUBJECT ADDED ENTRY--TOPICAL TERM (OCLC, RLIN)
Topical term or geographic name as entry element BUILT ENVIRONMENT-BUILDING CONTRACT FORMS
856 ## - ELECTRONIC LOCATION AND ACCESS
Uniform Resource Identifier <a href="https://www.nadr.co.uk/articles/published/ConstructionLR/Bath%20v%20Mowlem%202004.pdf ">https://www.nadr.co.uk/articles/published/ConstructionLR/Bath%20v%20Mowlem%202004.pdf </a>
Public note View judgment at www.nadr.co.uk....
942 ## - ADDED ENTRY ELEMENTS (KOHA)
Suppress in OPAC 0
Holdings
Withdrawn status Lost status Source of classification or shelving scheme Damaged status Not for loan Home library Current library Shelving location Date acquired Total Checkouts Full call number Barcode Date last seen Copy number Price effective from Koha item type
    Dewey Decimal Classification     London London Journal article 16/07/2004   ABS67985 126814-1001 06/08/2019 1 06/08/2019 Law report